Open Data Biblioteca Nacional de Portugal


República Portuguesa: Ministério da Cultura
Biblioteca Nacional de Portugal

Catálogo da BNP: acesso por Identificadores Unívocos
Registos Bibliográficos associados ao registo de autoridade

Etiqueta de registo: 00000nas 2200025 450
001 1874927
003 http://id.bnportugal.gov.pt/bib/catbnp/1874927
011 ## $a2183-2919$f2183-2919
100 ## $a20140602a20149999km y0pory01030103ba
101 0# $apor
102 ## $aPT
106 ## $ar
110 ## $aajazz 0uu0
200 1# $aPropriedades intelectuais$fUniversidade Católica Editora$gdir. Miguel Lourenço Carretas, Telmo Vilela
207 #0 $aNº 1 (jun. 2014) -
210 #9 $aLisboa$cUniversidade Católica Editora,$d2014-
215 ## $d30 cm
326 ## $aSemestral
530 0# $aPropriedades intelectuais
620 ## $dLisboa
675 ## $a347.77/.78(051)$vBN$zpor$31586166
702 #1 $aCarretas,$bMiguel Lourenço$4300$31575852
702 #1 $aVilela,$bTelmo$4300$31575856
712 02 $aUniversidade Católica Editora$4340$31575850
801 #0 $aPT$bBN$gRPC
802 ## $a18
856 41 $uhttp://rnod.bnportugal.gov.pt/ImagesBN/winlibimg.aspx?skey=&doc=1874927&img=48857&save=true
856 40 $2Cópia digital disponível em linha no Portal de Revistas Científicas da Universidade Católica Portuguesa$uhttps://revistas.ucp.pt/index.php/propriedadesintelectuais/issue/archive
900 ## $aBIBNAC$d20140915
966 ## $lBN$mFGREV$sP.P. 31536 V.$x1
995 ## $aR-ISSN $d20140915$ibarbara

Etiqueta de registo: 00000nam 2200025 450
001 2198165
003 http://id.bnportugal.gov.pt/bib/catbnp/2198165
010 ## $a978-989-40-2139-1
021 ## $aPT$b538025/24
100 ## $a20241129d2024 k y0pory01030103ba
101 0# $apor$aspa$aeng
102 ## $aPT
105 ## $aa z 000yy
106 ## $ar
200 1# $aEstudos em homenagem a Luiz Francisco Rebello nos cem anos do seu nascimento$fcoord. Manuel Lopes Rocha, Miguel Carretas, Vítor Palmela Fidalgo
210 #9 $aCoimbra$cAlmedina,$d2024
215 ## $a466 p.$cil.$d24 cm
675 ## $a34Rebelo, Luís Francisco(042)$vBN$zpor$31491032
675 ## $a347.78(469)(042)$vBN$zpor$31182372
702 #1 $aRocha,$bManuel Lopes$4340$3135717
702 #1 $aCarretas,$bMiguel Lourenço$4340$31575852
702 #1 $aFidalgo,$bVítor Palmela$4340$31635637
801 #0 $aPT$bBN$gRPC
856 41 $uhttp://rnod.bnportugal.gov.pt/ImagesBN/winlibimg.aspx?skey=&doc=2198165&img=202359&save=true
900 ## $aBIBNAC$d20241226
966 ## $lBN$mFGMON$sS.C. 165683 V.$x1
966 ## $lBN$mFGMON$sS.C. 165683 V.-D$x1
971 ## $corlando$d20241129
972 ## $e0$z0$d20241226$vasantos
973 ## $cmlsousa$d20241220

OpendataBNP@bnportugal.pt | Mais informação sobre acesso aos dados BNP